Conference report on the regulation of the private sector in Africa (Record no. 998)
[ view plain ]
| 000 -LEADER | |
|---|---|
| fixed length control field | 00637nam a22001817a 4500 |
| 005 - DATE AND TIME OF LATEST TRANSACTION | |
| control field | 20240214085320.0 |
| 008 - FIXED-LENGTH DATA ELEMENTS--GENERAL INFORMATION | |
| fixed length control field | 240214b |||||||| |||| 00| 0 eng d |
| 040 ## - CATALOGING SOURCE | |
| Original cataloging agency | KMU |
| Transcribing agency | KMU |
| Modifying agency | KMU |
| Description conventions | rda |
| 110 ## - MAIN ENTRY--CORPORATE NAME | |
| Corporate name or jurisdiction name as entry element | Institute of Security Studies/ |
| Subordinate unit | defence Sector programme |
| 245 ## - TITLE STATEMENT | |
| Title | Conference report on the regulation of the private sector in Africa |
| Remainder of title | / |
| Statement of responsibility, etc. | Institute for Security Studies and Defense sector programme |
| 260 ## - PUBLICATION, DISTRIBUTION, ETC. | |
| Place of publication, distribution, etc. | Pretoria, |
| Name of publisher, distributor, etc. | Institute for Security studies, |
| Date of publication, distribution, etc. | 2007. |
| 300 ## - PHYSICAL DESCRIPTION | |
| Extent | 28 p.: |
| Other physical details | ill,; |
| Dimensions | 23cm |
| 610 ## - SUBJECT ADDED ENTRY--CORPORATE NAME | |
| Source of heading or term | Conference |
| 610 ## - SUBJECT ADDED ENTRY--CORPORATE NAME | |
| Source of heading or term | Private Security |
| 610 ## - SUBJECT ADDED ENTRY--CORPORATE NAME | |
| Source of heading or term | Africq |
| 710 ## - ADDED ENTRY--CORPORATE NAME | |
| Corporate name or jurisdiction name as entry element | Defence sector programme |
| 942 ## - ADDED ENTRY ELEMENTS (KOHA) | |
| Koha item type | Non-Fiction |
| Suppress in OPAC | No |
| Withdrawn status | Lost status | Damaged status | Not for loan | Collection | Home library | Current library | Shelving location | Date acquired | Source of acquisition | Total Checkouts | Full call number | Barcode | Date last seen | Price effective from | Koha item type | Source of classification or shelving scheme |
|---|---|---|---|---|---|---|---|---|---|---|---|---|---|---|---|---|
| Non-fiction | Kapasa Makasa University | Kapasa Makasa University | Special Collection | 14.02.2024 | CBU | ISS(02)2007/1B | B3561 | 14.02.2024 | 14.02.2024 | Non-Fiction | ||||||
| Non-fiction | Kapasa Makasa University | Kapasa Makasa University | Special Collection | 14.02.2024 | CBU | ISS(02)2007/1A | B3560 | 14.02.2024 | 14.02.2024 | Non-Fiction | Dewey Decimal Classification |